000
00204nam a22000857a 4500
008
170201b xxu||||| |||| 00| 0 eng d
100
_9
2719
_a
NCERT
245
_a
Accountancy-XI
260
_a
New Delhi
_b
NCERT
_c
2006
999
_c
5884
_d
5884